Kulturális élményeket biztosító programok értelmi fogyatékossággal élők számára a hozzáférhetőség és a hatékonyság a nappali ellátáson keresztül
| Szerző: | |
|---|---|
| További közreműködők: | |
| Dokumentumtípus: | Diplomadolgozat |
| Kulcsszavak: | esélyegyenlőség fogyatékossággal élők nappali ellátás programszervezés társadalmi integráció |
| Online Access: | http://dolgozattar.uni-bge.hu/60013 |
MARC
| LEADER | 00000nta a2200000 i 4500 | ||
|---|---|---|---|
| 001 | dolg60013 | ||
| 005 | 20260409145855.0 | ||
| 008 | 260409suuuu hu om 000 hun d | ||
| 040 | |a BGE Dolgozattár Repozitórium |b hun | ||
| 041 | |a hu | ||
| 100 | 1 | |a Petre Dorina Éva | |
| 245 | 1 | 0 | |a Kulturális élményeket biztosító programok értelmi fogyatékossággal élők számára |b a hozzáférhetőség és a hatékonyság a nappali ellátáson keresztül |c Petre Dorina Éva |h [elektronikus dokumentum] |
| 520 | 3 | |a Az értelmi fogyatékossággal élők számára biztosított kulturális élmények hozzáférhetősége és hatékonysága kulcsfontosságú kérdés, amely túlmutat a szabadidő eltöltésén, és nagyban befolyásolja az érintettek életminőségét. A kultúra mindenki számára élvezhetővé tétele az esélyegyenlőség alapelvének egyik alappillére, ezért is érdemel kiemelt figyelmet ez a téma. Dolgozatom célja, hogy egy konkrét példán keresztül feltárja, miként tehetők élvezetessé és elérhetővé a fogyatékossággal élő emberek számára ezek az élmények. Kutatásomban a nappali ellátásban részesülő értelmi fogyatékossággal élők művelődési lehetőségeire fókuszálok. Arra törekszem, hogy rávilágítsak a kulturális programok fejlesztésére, széleskörű hozzáférhetőségének jelentőségére, ezáltal rámutatva arra, hogy az érintett csoportnak nem csak a mindennapi életminőségét segítik elő az ilyen kezdeményezések, hanem lehetőséget kínálnak a társadalmi integrációra. | |
| 695 | |a esélyegyenlőség | ||
| 695 | |a fogyatékossággal élők | ||
| 695 | |a nappali ellátás | ||
| 695 | |a programszervezés | ||
| 695 | |a társadalmi integráció | ||
| 700 | 1 | |a Szokács Dr. Kinga |e ths | |
| 856 | 4 | 0 | |u http://dolgozattar.uni-bge.hu/60013/1/Petre_Dorina_Eva_Szakdolgozat.pdf |z Dokumentum-elérés |
| 856 | 4 | 0 | |u http://dolgozattar.uni-bge.hu/60013/2/Szakdolgozat-b%C3%ADr%C3%A1lat%2C%20GJ.%20Petre%20Dorina.pdf |z Dokumentum-elérés |
| 856 | 4 | 0 | |u http://dolgozattar.uni-bge.hu/60013/3/Petre_Dorina_KSZ_szok%C3%A1cskinga.pdf |z Dokumentum-elérés |